| 000 | 02795cam a2200661 4500 | ||
|---|---|---|---|
| 001 | 22372 | ||
| 003 | VRT | ||
| 005 | 20260326155033.0 | ||
| 006 | k c r tn | ||
| 008 | 210624s2019 xo a cr 000 j slo | ||
| 020 |
_a9788056613481 _q(viazané) |
||
| 035 | _aD4793597-FE14-4F3C-A0A3-D3A4722B7FEA | ||
| 035 | _aurn:nbn:sk:snk-am3ifvu | ||
| 035 | _aurn:nbn:sk:snk-am00e8r2 | ||
| 039 | 9 |
_a202407021130 _bAUTHORITY _c202406101338 _dAUTHORITY _c202106241210 _dVLOAD _c202102021328 _dVLOAD |
|
| 040 |
_aSKPK _bslo _cSKPK _dSNK _erda |
||
| 041 | 1 |
_aslo _hger |
|
| 044 |
_axo _cSK |
||
| 072 | 7 |
_a821.112.2-3 _xNemecká próza, nemecky písaná _2konspekt |
|
| 072 | 7 |
_a82-93 _xLiteratúra pre deti a mládež (beletria) _2konspekt |
|
| 080 |
_a821.112.2(436)-32 _22011 |
||
| 080 |
_a(0:82-322.4) _22011 |
||
| 080 |
_a82-93-053.4/.5 _22011 |
||
| 100 | 1 |
_aBrezina, Thomas, _d1963- _4aut |
|
| 240 | 1 | 4 |
_aEin Fall für dich und das Tiger-Team, Band 28: Der Gaist in Klassenzimmer _lSlovensky |
| 245 | 1 | 0 |
_aPrípad pre teba a Tigrí tím _pHlas z podsvetia _cThomas Brezina ; ilustrovala Naomi Fearnová ; z nemeckého originálu Ein Fall für dich und das Tiger-Team, Band 28: Der Gaist in Klassenzimmer preložila Katarína Šmidtová |
| 246 | 3 | 0 | _aHlas z podsvetia |
| 250 | _aDruhé vydanie | ||
| 264 | 1 |
_aBratislava _bFragment _c2019 |
|
| 300 |
_a125 strán _bilustrácie _c19 cm _e1 plastová lupa |
||
| 336 |
_atext _btxt _2rdacontent |
||
| 336 |
_astatický obraz _bsti _2rdacontent |
||
| 336 |
_atrojrozmerná forma _btdf _2rdacontent |
||
| 337 |
_abez média _bn _2rdamedia |
||
| 338 |
_azväzok _bnc _2rdacarrier |
||
| 338 |
_aobjekt _bnr _2rdacarrier |
||
| 490 | 1 | _aTigrí tím | |
| 500 | _aVydalo vydavateľstvo Fragment v spoločnosti Albatros Media Slovakia, s.r.o. | ||
| 521 | 8 | _aPre čitateľov od 9 rokov | |
| 655 | 7 |
_arakúske príbehy _2SNKPH |
|
| 655 | 7 |
_adetektívne príbehy _2SNKPH |
|
| 655 | 7 |
_aliteratúra pre deti _2SNKPH |
|
| 655 | 7 |
_aDetective stories _2SNKPHeng |
|
| 655 | 7 |
_aChildren's literature _2SNKPHeng |
|
| 655 | 7 |
_aAustrian stories _2SNKPHeng |
|
| 700 | 1 |
_aFearn, Naomi, _d1976- _4ill |
|
| 700 | 1 |
_aŠmidtová, Katarína _4trl |
|
| 710 | 2 |
_aAlbatros Media Slovakia. _bFragment _4pbl |
|
| 830 | 0 | _aTigrí tím | |
| 910 | _asnk | ||
| 942 |
_2ddc _cKLDE _n0 |
||
| 949 |
_6273K0655023 _asvkpoA 244967 _bsvkpo644967 _qPríl.: 1 plastová lupa _rPríl.: 1 plastová lupa |
||
| 949 |
_6270001000640121 _91 plastová lupa _asvkbbA 159476 _bsvkbbm 787722 |
||
| 949 |
_617A1415161 _asnkSD 88931 _bsnk2020/2885 _o2376/19 _s6100:20200224 |
||
| 949 |
_617A1415163 _asnkSD 88931 D1 _bsnk2020/2887 _o2376/19 |
||
| 949 |
_617A1415162 _asnkSD 88931/príl. _bsnk2020/2885 _o2376/19 _s6109:20230317 |
||
| 949 |
_617A1415164 _asnkSD 88931/príl. D1 _bsnk2020/2887 _o2376/19 |
||
| 999 |
_c22372 _d22372 |
||